| 000 | 00899nam a22002057a 4500 | ||
|---|---|---|---|
| 005 | 20250313142104.0 | ||
| 010 | _aHIN-129492 | ||
| 020 |
_a9789353793371 _c400.00 |
||
| 035 | _aHN-101838 | ||
| 037 | _bDBAD | ||
| 082 | _a001.42 | ||
| 100 |
_aमनीष कुमार _979611 |
||
| 245 |
_aअनुसंधान विधिया एवम् सांखिकीय विश्लेषण / _cमनीष कुमार _bMCO-3 |
||
| 250 | _aप्रथम | ||
| 260 |
_aदिल्ली _bनीरज पब्लिकेशनस |
||
| 270 |
_a1507, प्रथम फ्लोर, नई सड़क, दिल्ली _bदिल्ली _e110006 _minfo@neerajignoubooks.com |
||
| 300 |
_a275 पृष्ठ; _c24सेमी (अजिल्द) |
||
| 700 |
_aमनीष कुमार _979594 |
||
| 942 |
_cHN _h001.42 _mमनीष _2ddc |
||
| 999 |
_c210291 _d210291 |
||